00493nam a22001697a 4500008004100000020001600041040005500057080001500112100002000127245002400147260006900171300001000240650001200250653002000262653002400282700001700306230519b |||||||| |||| 00| 0 eng d a81723615211 aNational Science LibrarycNational Science Library a612.82bN7 aPandya, Sunil K aBrain and behaviour aNew Delhi: bNational Institute of Science Communication, c1997 a102p. aScience aNeural networks aMolecules of memory aShah, Nikhil